[Event "II Open Novotel A"]
[Site "Genova ITA"]
[Date "1998.08.??"]
[Round "2"]
[White "Epitome, Nando"]
[Black "Avolio, Guido"]
[Result "1-0"]
[WhiteElo "1522"]
[BlackElo "1708"]
[PlyCount "95"]
[EventDate "1998.08.10"]

1. d4 d5 2. c4 e6 3. Nc3 Nf6 4. Bg5 Be7 5. e3 O-O 6. Nf3 Nbd7 7. Rc1 c6 8. a3
Re8 9. c5 Ne4 10. Bxe7 Qxe7 11. Bd3 Nxc3 12. Rxc3 e5 13. dxe5 Nxe5 14. b4 Bg4
15. Be2 Nxf3+ 16. Bxf3 Qf6 17. Rd3 Bxf3 18. Qxf3 Qxf3 19. gxf3 f5 20. Rd4 Re6
21. Rg1 Rh6 22. Rg2 Rh3 23. Ke2 Rf8 24. a4 Rf6 25. b5 Rf7 26. bxc6 bxc6 27. Rb4
Rc7 28. a5 Rh6 29. a6 Re6 30. Rg1 Kf7 31. Rgb1 Kf6 32. Rb7 Ree7 33. Rxc7 Rxc7
34. Rb7 Re7 35. Kd3 g5 36. Kd4 f4 37. Rxe7 Kxe7 38. Ke5 fxe3 39. fxe3 h6 40.
Kf5 Kf7 41. h3 Ke7 42. Kg6 Ke6 43. Kxh6 d4 44. exd4 Kd5 45. Kxg5 Kxd4 46. h4
Kxc5 47. h5 Kd5 48. h6 1-0

[Event "II Open Novotel A"]
[Site "Genova ITA"]
[Date "1998.08.??"]
[Round "2"]
[White "Gofshtein, Leonid D."]
[Black "Mancini, Giustino"]
[Result "1-0"]
[WhiteElo "2500"]
[BlackElo "2035"]
[PlyCount "64"]
[EventDate "1998.08.10"]

1. e4 g6 2. d4 Bg7 3. Nc3 d6 4. Be3 Nf6 5. Qd2 Nc6 6. f3 e5 7. d5 Ne7 8. O-O-O
O-O 9. g4 Ne8 10. Nge2 f5 11. exf5 gxf5 12. g5 f4 13. Bf2 c6 14. h4 Bf5 15. Bh3
Qd7 16. Bxf5 Qxf5 17. Kb1 a5 18. Nc1 a4 19. a3 c5 20. Qe2 Nc7 21. Bxc5 Qd7 22.
Bf2 b5 23. N1a2 Rfb8 24. Nb4 Na6 25. Nxa6 Rxa6 26. Ne4 Kf7 27. h5 Rba8 28. Be1
Nf5 29. Bb4 Rb6 30. Rhg1 Rc8 31. g6+ hxg6 32. Rxg6 Ke7 1-0

[Event "II Open Novotel A"]
[Site "Genova ITA"]
[Date "1998.08.??"]
[Round "2"]
[White "Guido, Giuseppe"]
[Black "Durdevic, Radoslav"]
[Result "0-1"]
[WhiteElo "1528"]
[BlackElo "2130"]
[PlyCount "120"]
[EventDate "1998.08.10"]

1. e4 c5 2. Nf3 d6 3. Nc3 e5 4. Bc4 h6 5. Ne2 Nc6 6. c3 Bg4 7. Ng3 Nf6 8. h3
Bc8 9. d4 Qc7 10. dxe5 dxe5 11. Qc2 Bd7 12. Be3 Na5 13. Be2 Be7 14. c4 Nc6 15.
O-O g5 16. Nf5 Bxf5 17. exf5 g4 18. hxg4 Nxg4 19. Qe4 Nf6 20. Qh4 O-O-O 21.
Rfd1 Nd4 22. Kf1 Kb8 23. Nxe5 Nxf5 24. Rxd8+ Rxd8 25. Qf4 Nxe3+ 26. Qxe3 Bd6
27. f4 Re8 28. Re1 Ka8 29. Bf3 Nd7 30. Qd2 Nb6 31. b3 Rd8 32. Qe3 Kb8 33. Nd3
Nc8 34. g3 Ne7 35. Be4 Rg8 36. Kf2 Nc8 37. Rh1 Rh8 38. Qf3 Be7 39. Rh5 Nd6 40.
Bd5 f6 41. Qg4 Qa5 42. Qe2 Re8 43. Bf3 Bf8 44. Qb2 f5 45. a3 Qb6 46. Ne5 Qc7
47. Qc2 Bg7 48. Bd5 a6 49. a4 Qa5 50. Rh1 Bxe5 51. fxe5 Rxe5 52. Rxh6 Qe1+ 53.
Kf3 Qe3+ 54. Kg2 Qxh6 55. b4 cxb4 56. Qb2 Re7 57. Qxb4 Re2+ 58. Kf1 Rc2 59. c5
Qc1+ 60. Qe1 Rxc5 0-1

[Event "II Open Novotel A"]
[Site "Genova ITA"]
[Date "1998.08.??"]
[Round "2"]
[White "Leali, Claudio"]
[Black "Di Lernia, Ruggero"]
[Result "0-1"]
[WhiteElo "1557"]
[BlackElo "1726"]
[PlyCount "44"]
[EventDate "1998.08.10"]

1. e4 e5 2. Bc4 Nf6 3. d4 exd4 4. Nf3 Nxe4 5. Qxd4 Nd6 6. Bb3 Nc6 7. Qg4 Qe7+
8. Kd1 Ne4 9. Qxe4 Qxe4 10. Re1 Qxe1+ 11. Kxe1 Bc5 12. Bd2 O-O 13. Bc3 d6 14.
Nbd2 Re8+ 15. Kf1 Be6 16. Ba4 Re7 17. Bxc6 bxc6 18. b3 Rae8 19. Ne4 Bc4+ 20.
bxc4 Rxe4 21. Re1 Rxe1+ 22. Nxe1 Re4 0-1

[Event "II Open Novotel A"]
[Site "Genova ITA"]
[Date "1998.08.??"]
[Round "2"]
[White "Lim, Kok Ann"]
[Black "Cirabisi, Federico"]
[Result "1-0"]
[WhiteElo "2045"]
[BlackElo "2140"]
[PlyCount "62"]
[EventDate "1998.08.10"]

1. d4 d5 2. Nf3 e6 3. e3 Bd6 4. Bd3 f5 5. Nbd2 Nf6 6. c4 c6 7. b3 O-O 8. Bb2
Ne4 9. O-O Nd7 10. Ne5 Rf6 11. f3 Nxd2 12. Qxd2 Rh6 13. f4 Nf6 14. cxd5 exd5
15. g3 Qe8 16. Nf3 Ng4 17. Rae1 Bd7 18. Re2 Qh5 19. Ne5 Bxe5 20. fxe5 Rf8 21.
Qc2 g5 22. Rc1 Qg6 23. Rf2 Qe6 24. Be2 Rg6 25. Bxg4 fxg4 26. Rxf8+ Kxf8 27.
Rf1+ Kg8 28. Qc5 Qe8 29. Qa3 Kg7 30. Qxa7 c5 31. dxc5 Qc8 1-0

[Event "II Open Novotel A"]
[Site "Genova ITA"]
[Date "1998.08.??"]
[Round "2"]
[White "Paganetto, Ivano"]
[Black "Malfettani, Fabio"]
[Result "1-0"]
[WhiteElo "1687"]
[BlackElo "1504"]
[PlyCount "56"]
[EventDate "1998.08.10"]

1. d4 d5 2. c4 e6 3. Nc3 c6 4. e4 dxc4 5. Bxc4 b5 6. Bb3 Bb7 7. Bc2 Bb4 8. a3
Ba5 9. Be3 Bb6 10. Nf3 Nd7 11. O-O Ngf6 12. h3 O-O 13. Qd3 g6 14. Bg5 Qc7 15.
Bxf6 Nxf6 16. e5 Nd5 17. Ne4 f5 18. exf6 Nxf6 19. Nxf6+ Rxf6 20. Bb3 Kg7 21.
Rfe1 c5 22. dxc5 Ba5 23. Rxe6 Raf8 24. Rd1 Bxf3 25. gxf3 Rxf3 26. Qxb5 Rxf2 27.
Rd7+ R8f7 28. Rxc7 Bxc7 1-0

[Event "II Open Novotel A"]
[Site "Genova ITA"]
[Date "1998.08.??"]
[Round "2"]
[White "Sberse, Luca"]
[Black "Calabrese, Antonino"]
[Result "1/2-1/2"]
[WhiteElo "1500"]
[BlackElo "1777"]
[PlyCount "40"]
[EventDate "1998.08.10"]

1. e4 d6 2. d4 Nf6 3. f3 Nbd7 4. Bc4 e5 5. c3 Be7 6. Ne2 O-O 7. Ng3 g6 8. Qb3
Ne8 9. O-O Nb6 10. f4 Nxc4 11. Qxc4 exf4 12. Bxf4 c6 13. b4 Be6 14. d5 Bd7 15.
Nd2 Qb6+ 16. Kh1 cxd5 17. Qxd5 Nf6 18. Qd4 Qxd4 19. cxd4 Kg7 20. d5 Rac8
1/2-1/2

[Event "II Open Novotel A"]
[Site "Genova ITA"]
[Date "1998.08.??"]
[Round "2"]
[White "Sislian, Hanno"]
[Black "Sciacca, Massimo"]
[Result "1-0"]
[WhiteElo "2250"]
[BlackElo "1992"]
[PlyCount "89"]
[EventDate "1998.08.10"]

1. e4 e6 2. d4 d5 3. e5 c5 4. c3 Nc6 5. Nf3 Bd7 6. Bd3 Rc8 7. O-O cxd4 8. cxd4
Nb4 9. Nc3 Nxd3 10. Qxd3 Qb6 11. Bd2 Ne7 12. b4 h5 13. a4 Nf5 14. a5 Qc7 15. a6
b6 16. Nb5 Bxb5 17. Qxb5+ Qd7 18. Qd3 Be7 19. h3 h4 20. Rac1 O-O 21. b5 Rxc1
22. Rxc1 Rc8 23. Rxc8+ Qxc8 24. Qc3 Qxc3 25. Bxc3 Kf8 26. Kf1 g6 27. Ba5 Bd8
28. Bb4+ Ke8 29. Ke2 Kd7 30. Kd3 Ng7 31. Kc2 Ne8 32. Kb3 Kc8 33. Bd2 Ng7 34.
Bg5 Nf5 35. Kc3 Kd7 36. Bxd8 Kxd8 37. Ne1 Nh6 38. Nd3 Ng8 39. Nb4 Ne7 40. Kd3
Kc7 41. Ke2 Kb8 42. Kf3 Ka8 43. Kg4 Nf5 44. Nc6 Nh6+ 45. Kxh4 1-0

[Event "II Open Novotel A"]
[Site "Genova ITA"]
[Date "1998.08.??"]
[Round "2"]
[White "Tacchino, Stefano"]
[Black "Mollero, Michele"]
[Result "0-1"]
[WhiteElo "1500"]
[BlackElo "2160"]
[PlyCount "72"]
[EventDate "1998.08.10"]

1. d4 d5 2. Nf3 Nf6 3. Bg5 c6 4. c3 Bf5 5. Bxf6 gxf6 6. Qb3 Qc7 7. g3 Bh6 8.
Bg2 Nd7 9. Nbd2 e6 10. Nh4 Bg6 11. Nxg6 hxg6 12. e3 f5 13. Ke2 Nf6 14. c4 Bf8
15. f4 Bd6 16. c5 Be7 17. Nf3 Kf8 18. Ng5 Kg7 19. h4 b6 20. Qc3 Rab8 21. b4 a5
22. bxa5 bxc5 23. Rab1 Rb4 24. dxc5 Rc4 25. Qd2 Bxc5 26. Rhc1 Rxc1 27. Rxc1 Be7
28. Qc3 c5 29. Rb1 Ra8 30. Rb5 c4 31. Qb2 Rxa5 32. Rb7 Rxa2 33. Qxa2 Qxb7 34.
h5 Nxh5 35. Kf2 Bf6 36. g4 fxg4 0-1

[Event "II Open Novotel A"]
[Site "Genova ITA"]
[Date "1998.08.??"]
[Round "3"]
[White "Calabrese, Antonino"]
[Black "Taeger, Torsten"]
[Result "0-1"]
[WhiteElo "1777"]
[BlackElo "2160"]
[PlyCount "76"]
[EventDate "1998.08.10"]

1. e4 d6 2. Nf3 g6 3. d4 Bg7 4. Nc3 Nf6 5. h3 O-O 6. Be3 c6 7. a4 a5 8. Qd2 Na6
9. Be2 Nb4 10. O-O Qc7 11. Rad1 Bd7 12. Ne1 b5 13. axb5 cxb5 14. Nxb5 Bxb5 15.
Bxb5 Nxe4 16. Qe2 d5 17. c3 Nc6 18. Ra1 e6 19. Nd3 Rfc8 20. Bf4 Qb6 21. Ba4 Ra7
22. Kh1 Qd8 23. f3 Nd6 24. Rfe1 Nf5 25. Qf2 Qe7 26. Re2 Bf6 27. g3 h5 28. Bb3
Nfxd4 29. cxd4 Nxd4 30. Bxd5 Nxe2 31. Be3 Rd7 32. Be4 Nd4 33. Rxa5 Nf5 34. Ne5
Bxe5 35. Rxe5 Nxe3 36. Qxe3 Qd6 37. f4 Qd1+ 38. Kg2 Rd2+ 0-1

[Event "II Open Novotel A"]
[Site "Genova ITA"]
[Date "1998.08.??"]
[Round "3"]
[White "Cazzaniga, Walter"]
[Black "Berni, Mauro"]
[Result "0-1"]
[WhiteElo "2165"]
[BlackElo "1977"]
[PlyCount "70"]
[EventDate "1998.08.10"]

1. d4 Nf6 2. c4 e6 3. Nf3 b6 4. g3 Bb7 5. Bg2 Be7 6. O-O O-O 7. d5 exd5 8. Nh4
c6 9. cxd5 Nxd5 10. Nf5 Nc7 11. e4 Ne6 12. Re1 Bc5 13. Nc3 d6 14. Rb1 a5 15. a3
Na6 16. Be3 Qc7 17. f4 Rad8 18. Qg4 Bc8 19. Rbd1 b5 20. Bxc5 Naxc5 21. b4 axb4
22. axb4 Na6 23. Nd5 cxd5 24. exd5 Nxb4 25. dxe6 fxe6 26. Ne3 Na6 27. Qe2 b4
28. f5 exf5 29. Nd5 Qa7+ 30. Kh1 Nc5 31. Ne7+ Kh8 32. Qh5 Ne4 33. Ng6+ Kg8 34.
Nxf8 Nf2+ 35. Kg1 Nh3+ 0-1

[Event "II Open Novotel A"]
[Site "Genova ITA"]
[Date "1998.08.??"]
[Round "3"]
[White "Cebalo, Miso"]
[Black "Sislian, Hanno"]
[Result "1-0"]
[WhiteElo "2535"]
[BlackElo "2250"]
[PlyCount "71"]
[EventDate "1998.08.10"]

1. Nf3 Nf6 2. c4 c5 3. Nc3 Nc6 4. g3 g6 5. Bg2 Bg7 6. O-O O-O 7. d4 cxd4 8.
Nxd4 Nxd4 9. Qxd4 d6 10. Qd3 Be6 11. Bd2 Qc8 12. b3 Bh3 13. Rac1 Bxg2 14. Kxg2
a6 15. f3 Qc7 16. Rfd1 Rfd8 17. Bg5 Qc5 18. Bxf6 Bxf6 19. Nd5 Kg7 20. a4 a5 21.
e4 e6 22. Ne3 h5 23. f4 Be7 24. Rc2 h4 25. Rf2 Rh8 26. g4 h3+ 27. Kf3 g5 28. f5
Qe5 29. Qd4 Qxd4 30. Rxd4 Kf6 31. Rfd2 Ra6 32. Nf1 Rc6 33. Ng3 Ke5 34. Nh5 Rhc8
35. Rd5+ exd5 36. Rxd5# 1-0

[Event "II Open Novotel A"]
[Site "Genova ITA"]
[Date "1998.08.??"]
[Round "3"]
[White "Di Paolo, Raffaele"]
[Black "Efimov, Igor"]
[Result "0-1"]
[WhiteElo "2270"]
[BlackElo "2530"]
[PlyCount "56"]
[EventDate "1998.08.10"]

1. e4 c5 2. Nf3 Nc6 3. Bb5 e6 4. Bxc6 bxc6 5. O-O Ne7 6. Re1 Ng6 7. e5 f6 8. d4
cxd4 9. Qxd4 Qb6 10. Be3 Qxd4 11. Bxd4 Be7 12. Nbd2 c5 13. Bc3 Bb7 14. Rad1 O-O
15. b3 Bc6 16. Nc4 Rad8 17. Ba5 Rde8 18. Bc7 Bxf3 19. gxf3 Nh4 20. Re3 fxe5 21.
Nxe5 d5 22. Nd7 Nxf3+ 23. Kh1 Bg5 24. Nxf8 Bxe3 25. fxe3 Rxf8 26. Bd6 Rc8 27.
c4 dxc4 28. bxc4 Rd8 0-1

[Event "II Open Novotel A"]
[Site "Genova ITA"]
[Date "1998.08.??"]
[Round "3"]
[White "Durdevic, Radoslav"]
[Black "Wall, Gavin"]
[Result "0-1"]
[WhiteElo "2130"]
[BlackElo "2355"]
[PlyCount "112"]
[EventDate "1998.08.10"]

1. e4 c5 2. Nf3 a6 3. d4 cxd4 4. Nxd4 Nf6 5. Nc3 e5 6. Nb3 Bb4 7. Qf3 d6 8. Bg5
h6 9. Bxf6 Qxf6 10. Qe3 O-O 11. f3 Nc6 12. Be2 Nd4 13. O-O-O Bxc3 14. bxc3 Qf4
15. Kd2 Nxe2 16. Kxe2 Qf6 17. Rd2 Qg6 18. g4 a5 19. h4 Ra6 20. h5 Qf6 21. Rhd1
a4 22. Nc1 Be6 23. a3 Rc8 24. Ke1 Rac6 25. Ne2 Qd8 26. Rb1 b6 27. Kf2 Qc7 28.
Rb4 Rc5 29. Rb1 d5 30. Rb4 dxe4 31. Qxe4 Bd7 32. Qd3 Bc6 33. Qd6 Qa7 34. g5
hxg5 35. h6 b5 36. Kg3 e4 37. hxg7 Qc7 38. fxe4 Qxd6+ 39. Rxd6 Kxg7 40. Kg4 Re8
41. Rdd4 Bxe4 42. Ng3 Bxc2 43. Nh5+ Kg6 44. Ng3 f5+ 45. Kh3 f4 46. Rd6+ Kf7 47.
Nf1 Bf5+ 48. Kg2 Re2+ 49. Kg1 Re1 50. Kf2 Rce5 51. Rb2 g4 52. Rd4 R1e4 53. Rdd2
Re3 54. Rd4 g3+ 55. Kg1 Rf3 56. Kg2 Rxf1 0-1

[Event "II Open Novotel A"]
[Site "Genova ITA"]
[Date "1998.08.??"]
[Round "3"]
[White "Giudici, Alberto"]
[Black "Epitome, Nando"]
[Result "1-0"]
[WhiteElo "1800"]
[BlackElo "1522"]
[PlyCount "49"]
[EventDate "1998.08.10"]

1. e4 c5 2. Nf3 d6 3. d4 cxd4 4. Nxd4 Nf6 5. Nc3 a6 6. Bg5 e6 7. f4 Be7 8. Qf3
Qc7 9. O-O-O Nbd7 10. g4 b5 11. Bxf6 Nxf6 12. g5 Nd7 13. f5 e5 14. Nd5 Bxg5+
15. Kb1 Qb7 16. Qh5 Bf6 17. Ne6 Ra7 18. Rg1 Qc6 19. Nxg7+ Bxg7 20. Rxg7 Nb6 21.
Nf6+ Kd8 22. Rxf7 Bd7 23. Rxh7 Rxh7 24. Qxh7 Kc7 25. Ne8+ 1-0

[Event "II Open Novotel A"]
[Site "Genova ITA"]
[Date "1998.08.??"]
[Round "3"]
[White "Godena, Michele"]
[Black "Astengo, Corrado"]
[Result "1-0"]
[WhiteElo "2510"]
[BlackElo "2160"]
[PlyCount "59"]
[EventDate "1998.08.10"]

1. e4 c5 2. Nf3 d6 3. Bc4 e6 4. O-O Nf6 5. Re1 Nc6 6. Bb3 Be7 7. c3 O-O 8. d4
d5 9. e5 Ne4 10. Bc2 f5 11. exf6 Bxf6 12. dxc5 Nxc5 13. Be3 Qd6 14. Nbd2 b6 15.
Ng5 Bxg5 16. Bxg5 e5 17. Nc4 Qe6 18. Ne3 d4 19. b4 dxe3 20. Bxe3 Rd8 21. Qb1
Qc4 22. bxc5 Qxc3 23. cxb6 Nd4 24. Bxh7+ Kh8 25. Qe4 Bb7 26. Qh4 Rdb8 27. Bg6+
Kg8 28. Qh7+ Kf8 29. Qh8+ Ke7 30. Qxg7+ 1-0

[Event "II Open Novotel A"]
[Site "Genova ITA"]
[Date "1998.08.??"]
[Round "3"]
[White "Griffa, Roberto"]
[Black "Vujovic, Milorad"]
[Result "0-1"]
[WhiteElo "2070"]
[BlackElo "2275"]
[PlyCount "58"]
[EventDate "1998.08.10"]

1. e4 c5 2. Nf3 e6 3. d3 Nc6 4. g3 g6 5. Bg2 Bg7 6. O-O Nge7 7. c3 O-O 8. Nbd2
b6 9. Re1 Ba6 10. Nc4 d6 11. Qc2 b5 12. Ne3 b4 13. a3 b3 14. Qxb3 Bxd3 15. Nd2
Rb8 16. Qd1 Ba6 17. Bf1 Bb7 18. Rb1 Ba8 19. Bg2 Ne5 20. Ndc4 Nxc4 21. Nxc4 Bxc3
22. Re2 Bd4 23. Bh6 Re8 24. Qd2 d5 25. Ne3 dxe4 26. Ng4 f5 27. Ne3 Nd5 28. Nc2
Rxb2 29. Rxb2 Bxb2 0-1

[Event "II Open Novotel A"]
[Site "Genova ITA"]
[Date "1998.08.??"]
[Round "3"]
[White "Lanzavecchia, Pierdante"]
[Black "Siemes, Robert"]
[Result "1-0"]
[WhiteElo "1872"]
[BlackElo "2135"]
[PlyCount "47"]
[EventDate "1998.08.10"]

1. c4 g6 2. Nc3 Bg7 3. g3 d6 4. Bg2 e5 5. d3 f5 6. e3 Nf6 7. Nge2 Nc6 8. a3 O-O
9. O-O Rb8 10. b4 Be6 11. Bb2 h5 12. Qa4 a6 13. Bxc6 bxc6 14. Qxa6 Qd7 15. Qa4
f4 16. exf4 Bh3 17. Rfb1 Rbd8 18. Qd1 Ng4 19. Ne4 exf4 20. Nxf4 Rxf4 21. gxf4
Rf8 22. Qf3 Nh6 23. Bxg7 Bg4 24. Bxf8 1-0

[Event "II Open Novotel A"]
[Site "Genova ITA"]
[Date "1998.08.??"]
[Round "3"]
[White "Loncar, Robert"]
[Black "Lim, Kok Ann"]
[Result "1-0"]
[WhiteElo "2410"]
[BlackElo "2045"]
[PlyCount "68"]
[EventDate "1998.08.10"]

1. Nf3 Nf6 2. c4 g6 3. d4 Bg7 4. Nc3 d6 5. Bg5 c6 6. e3 Nbd7 7. Be2 O-O 8. Qc2
h6 9. Bh4 Qa5 10. a3 Qc7 11. O-O e5 12. Rfd1 Re8 13. b4 Nf8 14. c5 dxc5 15.
dxc5 Bf5 16. Qb3 Be6 17. Bc4 Bxc4 18. Qxc4 Rad8 19. Ne4 Rxd1+ 20. Rxd1 Nxe4 21.
Qxe4 f5 22. Qc4+ Qf7 23. Qxf7+ Kxf7 24. Bd8 Bf6 25. Bxf6 Kxf6 26. Rd6+ Ne6 27.
Kf1 Rd8 28. Rxd8 Nxd8 29. Ke2 Ne6 30. Nd2 g5 31. Kd3 Nc7 32. Kc4 g4 33. Nb3 h5
34. Na5 Ne6 1-0

[Event "II Open Novotel A"]
[Site "Genova ITA"]
[Date "1998.08.??"]
[Round "3"]
[White "Mollero, Michele"]
[Black "Gofshtein, Leonid D."]
[Result "0-1"]
[WhiteElo "2160"]
[BlackElo "2500"]
[PlyCount "48"]
[EventDate "1998.08.10"]

1. e4 c5 2. Nf3 Nc6 3. d4 cxd4 4. Nxd4 Qc7 5. Be3 e6 6. Be2 Nf6 7. Nc3 a6 8. a3
d6 9. O-O Be7 10. f4 O-O 11. Qe1 Na5 12. Rd1 Nc4 13. Bxc4 Qxc4 14. Qg3 b5 15.
e5 Ne8 16. Ne4 Bb7 17. exd6 Bd8 18. b3 Qd5 19. Ng5 Bxg5 20. Nf3 Qe4 21. fxg5
Qxe3+ 22. Kh1 Bxf3 23. Rxf3 Qa7 24. Rfd3 Qd7 0-1

[Event "II Open Novotel A"]
[Site "Genova ITA"]
[Date "1998.08.??"]
[Round "3"]
[White "Quinn, Mark Peter"]
[Black "Basciu, Simone"]
[Result "1-0"]
[WhiteElo "2350"]
[BlackElo "1774"]
[PlyCount "73"]
[EventDate "1998.08.10"]

1. Nf3 c5 2. c4 Nf6 3. Nc3 b6 4. g3 Bb7 5. Bg2 e6 6. O-O Be7 7. Re1 O-O 8. e4
d6 9. d4 cxd4 10. Nxd4 Qc8 11. Be3 Nbd7 12. Rc1 a6 13. f4 Rd8 14. g4 Nc5 15.
Bf2 Nxg4 16. Qxg4 Nd3 17. Qe2 Nxf4 18. Qf1 Nxg2 19. Qxg2 Bf6 20. Na4 Qc7 21. b3
Rab8 22. Qg4 Ba8 23. Nf3 Bc6 24. Nc3 Ba8 25. Bh4 Qc5+ 26. Kf1 Bxh4 27. Qxh4
Rdc8 28. Ke2 Qa3 29. Rg1 b5 30. Qh6 Kf8 31. Qxg7+ Ke7 32. Ng5 Rf8 33. Nxh7 Qb2+
34. Kd1 Qxh2 35. Nxf8 Rxf8 36. Qg5+ Kd7 37. cxb5 1-0

[Event "II Open Novotel A"]
[Site "Genova ITA"]
[Date "1998.08.??"]
[Round "3"]
[White "Rossetti, Giovanni"]
[Black "Guido, Giuseppe"]
[Result "1-0"]
[WhiteElo "1932"]
[BlackElo "1528"]
[PlyCount "75"]
[EventDate "1998.08.10"]

1. Nf3 c5 2. g3 g6 3. Bg2 Nc6 4. O-O Bg7 5. d3 e5 6. e4 Nge7 7. Nc3 O-O 8. Be3
d6 9. Qd2 a6 10. a4 Rb8 11. Bh6 Be6 12. Bxg7 Kxg7 13. Ng5 Bd7 14. Nd5 Nxd5 15.
exd5 Nd4 16. Ne4 Bf5 17. Qd1 Bxe4 18. dxe4 Qb6 19. b3 f5 20. Rb1 fxe4 21. Bxe4
Nf5 22. h4 Nxg3 23. fxg3 c4+ 24. Kg2 Qe3 25. Bf3 e4 26. Be2 g5 27. hxg5 Qxg5
28. Qd4+ Kg8 29. Qxe4 Rfe8 30. Qg4 Rxe2+ 31. Qxe2 Qxd5+ 32. Qf3 Qd2+ 33. Rf2
Qh6 34. Qd5+ Kh8 35. Qd4+ Kg8 36. Qxc4+ d5 37. Qxd5+ Kh8 38. Qe5+ 1-0

[Event "II Open Novotel A"]
[Site "Genova ITA"]
[Date "1998.08.??"]
[Round "3"]
[White "Tomasi, Diego"]
[Black "Paganetto, Ivano"]
[Result "1/2-1/2"]
[WhiteElo "2045"]
[BlackElo "1687"]
[PlyCount "50"]
[EventDate "1998.08.10"]

1. d4 d5 2. c4 c6 3. Qc2 Nf6 4. Nf3 g6 5. g3 Bg7 6. Bg2 O-O 7. O-O b6 8. Ne5
Bb7 9. Rd1 Nfd7 10. Bf4 e6 11. h4 Nxe5 12. Bxe5 Bxe5 13. dxe5 Nd7 14. f4 Qe7
15. Na3 f6 16. exf6 Nxf6 17. Qc3 c5 18. e3 Rad8 19. Nc2 Rd6 20. Qe5 Rfd8 21.
cxd5 Nd7 22. Qg5 Qxg5 23. hxg5 exd5 24. e4 Nf8 25. exd5 Bxd5 1/2-1/2

[Event "II Open Novotel A"]
[Site "Genova ITA"]
[Date "1998.08.??"]
[Round "3"]
[White "Valentini, Angelo"]
[Black "Astengo, Marcello"]
[Result "1-0"]
[WhiteElo "1699"]
[BlackElo "2040"]
[PlyCount "76"]
[EventDate "1998.08.10"]

1. d4 d5 2. c4 e6 3. cxd5 exd5 4. Nc3 c6 5. Qc2 Nd7 6. Nf3 Be7 7. Bf4 Ngf6 8.
e3 O-O 9. Bd3 Re8 10. O-O Nf8 11. Rab1 Nh5 12. Be5 Bg4 13. Nd2 Bg5 14. h3 Bd7
15. b4 Qc8 16. Rfe1 Ng6 17. Nf3 Bh6 18. Kh2 f5 19. g3 Nxe5 20. Nxe5 g6 21. Bf1
Nf6 22. Na4 Re7 23. Nc5 Be8 24. b5 cxb5 25. Bxb5 b6 26. Bxe8 Rxe8 27. Qa4 bxc5
28. Rb5 Ne4 29. Rc1 a6 30. Rb6 Nxf2 31. Rxc5 Qd8 32. Qc6 Rc8 33. Qb7 Rxc5 34.
Qf7+ Kh8 35. Nxg6+ hxg6 36. Rxg6 Ng4+ 37. hxg4 Rc2+ 38. Kh3 fxg4+ 1-0

[Event "II Open Novotel A"]
[Site "Genova ITA"]
[Date "1998.08.??"]
[Round "4"]
[White "Astengo, Corrado"]
[Black "Sciacca, Massimo"]
[Result "1/2-1/2"]
[WhiteElo "2160"]
[BlackElo "1992"]
[PlyCount "35"]
[EventDate "1998.08.10"]

1. e4 e6 2. d4 d5 3. Nd2 Nf6 4. e5 Nfd7 5. Bd3 c5 6. c3 Nc6 7. Ne2 cxd4 8. cxd4
f6 9. exf6 Qxf6 10. Nf3 h6 11. O-O Bd6 12. Ng3 O-O 13. Be3 Rd8 14. Rc1 Nf8 15.
Bb1 Bd7 16. a3 Rac8 17. Qd2 Be8 18. Rfe1 1/2-1/2

[Event "II Open Novotel A"]
[Site "Genova ITA"]
[Date "1998.08.??"]
[Round "4"]
[White "Duarte, Riccardo"]
[Black "Durdevic, Radoslav"]
[Result "0-1"]
[WhiteElo "1717"]
[BlackElo "2130"]
[PlyCount "56"]
[EventDate "1998.08.10"]

1. e4 c5 2. f4 Nc6 3. Nf3 e6 4. c3 d5 5. e5 Bd7 6. d4 Qb6 7. a3 h5 8. b4 cxd4
9. cxd4 a6 10. Nc3 Nh6 11. Na4 Qc7 12. Qc2 Nf5 13. Bd3 Rc8 14. Bxf5 exf5 15.
Nc5 Bxc5 16. dxc5 Ne7 17. Qf2 Bb5 18. Nd4 Bc4 19. Qc2 b6 20. cxb6 Qxb6 21. Nxf5
Nxf5 22. Qxf5 O-O 23. Bd2 Qd4 24. Rc1 g6 25. Qh3 Qe4+ 26. Qe3 Qxg2 27. Rg1 Qxh2
28. f5 d4 0-1

[Event "II Open Novotel A"]
[Site "Genova ITA"]
[Date "1998.08.??"]
[Round "4"]
[White "Efimov, Igor"]
[Black "Loncar, Robert"]
[Result "0-1"]
[WhiteElo "2530"]
[BlackElo "2410"]
[PlyCount "92"]
[EventDate "1998.08.10"]

1. c4 g6 2. Nf3 Bg7 3. Nc3 Nf6 4. d4 O-O 5. e4 d6 6. Be2 c5 7. d5 e6 8. O-O Re8
9. Nd2 Na6 10. Rb1 Nc7 11. f4 exd5 12. cxd5 b5 13. Bf3 b4 14. Ne2 Ba6 15. Re1
Bd3 16. Ng3 Bxb1 17. Nxb1 Nd7 18. Nd2 Bd4+ 19. Kh1 Nb6 20. Nb3 Bg7 21. Na5 Nb5
22. Nc6 Qc7 23. e5 dxe5 24. fxe5 Bxe5 25. Rxe5 Rxe5 26. d6 Qxd6 27. Nxe5 Qxd1+
28. Bxd1 Re8 29. Nf3 Nd4 30. Bd2 Nxf3 31. Bxf3 Nc4 32. Ne4 Rxe4 33. Bxe4 Nxd2
34. Bc2 Nc4 35. b3 Ne3 36. Bd3 Kf8 37. h4 Nd1 38. Kh2 Nc3 39. Kg3 Ke7 40. Kf4
Nxa2 41. g4 Nc3 42. Kg5 a5 43. Kh6 a4 44. bxa4 Nxa4 45. Kxh7 Kf8 46. g5 b3 0-1

[Event "II Open Novotel A"]
[Site "Genova ITA"]
[Date "1998.08.??"]
[Round "4"]
[White "Giudici, Alberto"]
[Black "Mollero, Michele"]
[Result "0-1"]
[WhiteElo "1800"]
[BlackElo "2160"]
[PlyCount "70"]
[EventDate "1998.08.10"]

1. e4 c6 2. d4 d5 3. Nc3 dxe4 4. Nxe4 Nd7 5. Nf3 Ngf6 6. Nxf6+ Nxf6 7. Bd3 Bg4
8. Be3 e6 9. h3 Bh5 10. g4 Bg6 11. Ne5 Be7 12. Nxg6 hxg6 13. c4 e5 14. dxe5
Qa5+ 15. Bd2 Qxe5+ 16. Be3 Rd8 17. Kf1 Qxb2 18. Rb1 Qc3 19. Rb3 Qxc4 20. Qe2
Qd5 21. Kg1 b6 22. f3 O-O 23. Kg2 Rfe8 24. Qc2 Bd6 25. Bc4 Qe5 26. Bf2 Nd5 27.
h4 Nf4+ 28. Kg1 Bc5 29. Bxc5 Qxc5+ 30. Kf1 Re2 31. Qxe2 Nxe2 32. Bxe2 Rd2 33.
Rb1 Qe3 34. Rh2 Rxe2 35. Rxe2 Qxf3+ 0-1

[Event "II Open Novotel A"]
[Site "Genova ITA"]
[Date "1998.08.??"]
[Round "4"]
[White "Gofshtein, Leonid D."]
[Black "Cebalo, Miso"]
[Result "0-1"]
[WhiteElo "2500"]
[BlackElo "2535"]
[PlyCount "96"]
[EventDate "1998.08.10"]

1. e4 c5 2. Nf3 Nc6 3. d4 cxd4 4. Nxd4 g6 5. Nc3 Bg7 6. Be3 Nf6 7. Bc4 O-O 8.
Bb3 d6 9. f3 Bd7 10. Qd2 Rc8 11. O-O-O Ne5 12. Kb1 Re8 13. g4 b5 14. Ncxb5 Bxb5
15. Nxb5 Nxf3 16. Qe2 Ne5 17. Nxa7 Rb8 18. Bd4 Nfd7 19. Nb5 Qa5 20. Nc3 e6 21.
Bf2 Bf8 22. h4 h6 23. Rhf1 Rec8 24. Bd4 Bg7 25. Qd2 Nb6 26. g5 h5 27. Ne2 Qb5
28. Nc1 Rb7 29. Qf2 Nbc4 30. Qg3 Nd2+ 31. Rxd2 Qxf1 32. c3 Nc4 33. Rd1 Qxd1 34.
Bxd1 Bxd4 35. Nb3 Be5 36. Qf2 Nb6 37. Be2 Rbb8 38. Bb5 Na8 39. a4 Nc7 40. Qe2
Ra8 41. Bc6 Rab8 42. Na5 Bxc3 43. Nb7 Be5 44. b4 Rxb7 45. Bxb7 Rb8 46. Bc6
Rxb4+ 47. Kc1 Rb3 48. Bd7 Ra3 0-1

[Event "II Open Novotel A"]
[Site "Genova ITA"]
[Date "1998.08.??"]
[Round "4"]
[White "Sislian, Hanno"]
[Black "Rossetti, Giovanni"]
[Result "1/2-1/2"]
[WhiteElo "2250"]
[BlackElo "1932"]
[PlyCount "86"]
[EventDate "1998.08.10"]

1. e4 d6 2. d4 Nf6 3. Nc3 g6 4. Nf3 Bg7 5. Be2 O-O 6. O-O Bg4 7. Be3 Re8 8. h3
Bxf3 9. Bxf3 e5 10. dxe5 dxe5 11. Qxd8 Rxd8 12. Rfd1 Nc6 13. Nb5 Rdc8 14. Bg4
Nxg4 15. hxg4 a6 16. Nc3 Nd4 17. Rd2 c6 18. Kf1 Rd8 19. Rad1 Ne6 20. Rxd8+ Rxd8
21. Rxd8+ Nxd8 22. Ke2 Ne6 23. Na4 f6 24. Nc5 Nxc5 25. Bxc5 Bf8 26. Bb6 Kf7 27.
Kd3 Ke6 28. a4 Be7 29. c3 Kd7 30. Kc4 Bd6 31. b4 Be7 32. a5 Bd6 33. Bc5 Bc7 34.
Kd3 Bd8 35. Ke3 Bc7 36. g3 g5 37. Kd3 Ke6 38. f3 Kd7 39. Ke3 Ke6 40. Kd3 Bd8
41. Kc4 Bc7 42. Be3 Bd6 43. Kb3 Kd7 1/2-1/2